Main Band Instruments - Statistics

General Stats
  • This quiz has been taken 32 times
  • The average score is 14 of 40
Answer Stats
Family Instrument % Correct
Choir Bass
87%
Woodwind Flute
81%
Brass Trumpet
81%
Strings Violin
81%
Woodwind Clarinet
74%
Brass Trombone
74%
Brass Tuba
74%
Brass French Horn
71%
Strings Viola
68%
Woodwind Oboe
58%
Choir Altos
52%
Percussion Snare Drum
52%
Woodwind Piccolo
48%
Leader Conductor
42%
Strings Double Bass
42%
Strings Guitar
42%
Percussion Xylophone
42%
Woodwind Alto Saxophone
39%
Percussion Bass Drum
39%
Choir Sopranos
35%
Percussion Timpani
32%
Brass Euphonium
29%
Woodwind Baritone Saxophone
26%
Strings Bass Guitar
23%
Brass Cornet
19%
Percussion Gong
19%
Woodwind Soprano Saxophone
19%
Woodwind Basson
10%
Strings Chello
10%
Strings Electric Guitar
10%
Brass Bass Trombone
6%
Brass Flugel Horn
6%
Percussion Tambourine
6%
Percussion Kit
3%
Percussion Mallets
3%
Brass Baritone Horn
0%
Brass Natural Trumpet
0%
Choir Tener
0%
Woodwind Tener Saxophone
0%
Brass Tenor Horn
0%
No matching quizzes found
Score Distribution
Percent of People with Each Score
Percentile by Number Answered
Your Score History
You have not taken this quiz